Jazz : The transition years, 1940-1960 /
Đã lưu trong:
| 主要作者: | |
|---|---|
| 格式: | Sách giấy |
| 语言: | English |
| 出版: |
New York :
Appleton-Century-Crofts,
1966.
|
| 主题: | |
| 标签: |
添加标签
没有标签, 成为第一个标记此记录!
|
| Thư viện lưu trữ: | Thư viện Trường Đại học Đà Lạt |
|---|
| LEADER | 00788nam a2200313 4500 | ||
|---|---|---|---|
| 001 | DLU180186850 | ||
| 005 | ##20180907 | ||
| 040 | # | # | |a DLU |b eng |
| 041 | # | # | |a eng |
| 044 | # | # | |a us |
| 082 | # | # | |a 781.65 |b WI-J |
| 100 | # | # | |a Wilson, John S. |
| 245 | # | # | |a Jazz : |b The transition years, 1940-1960 / |c John S. Wilson. |
| 260 | # | # | |a New York : |b Appleton-Century-Crofts, |c 1966. |
| 300 | # | # | |a x, 185 p. ; |c 22 cm. |
| 504 | # | # | |a Bibliography: p. 172 ; discography: p. 167-171. |
| 650 | # | # | |a Jazz |x Discography. |
| 650 | # | # | |a Jazz |x History and criticism. |
| 923 | # | # | |a 100/2010 |
| 991 | # | # | |a SH |
| 992 | # | # | |a 0 |
| 994 | # | # | |a DLU |
| 900 | # | # | |a True |
| 911 | # | # | |a Nguyễn Thanh Hương |
| 925 | # | # | |a G |
| 926 | # | # | |a A |
| 927 | # | # | |a SH |
| 980 | # | # | |a Thư viện Trường Đại học Đà Lạt |